000 00761nam a22002537a 4500
001 5052
003 BD-RjUL
005 20211208234012.0
008 131224b1936 -uk||||| |||| 00| 0 eng d
035 _a(BD-RjUL)5088
040 _aBD-RjUL
_beng
_cBD-RjUL
_dBD-RjUL
041 _aeng
082 0 4 _a332.1
_bWII 1936
100 1 _a Willis,Henry Parker
_915907
245 1 _aInvestment banking /
260 1 _aNew York;
_alondon:
_bHarper brother pub.
_c1936.
300 _axiv, 667 p. ill.
_c22 cm.
504 _aincludes index
650 _aBanks and banking.
_915908
650 _a Investments.
_915909
700 _aBogen,Jules I
_915910
856 _uhttp://www.worldcat.org/title/investment-banking/oclc/1013729&referer=brief_results
942 _2ddc
_cBK
999 _c5052
_d5052